Perspektívy rozvoja znalostnej spoločnosti vo výhľade do roku 2020
Úloha Slovenska pri príprave stratégie implementácie pomoci poskytovanej fondmi EÚ. Zníženie nezamestnanosti a posilnenie produktivity a konkurencieschopnosti našej ekonomiky. Podpora vzdelávania, výskumu, vývoja a zlepšovanie podnikateľského prostredia.
Gespeichert in:
| 1. Verfasser: | |
|---|---|
| Weitere Verfasser: | |
| Format: | Buchkapitel |
| Sprache: | Slowakisch |
| Schlagworte: | |
| Tags: |
Keine Tags, Fügen Sie das erste Tag hinzu!
|
MARC
| LEADER | 00000nla a2200000 4500 | ||
|---|---|---|---|
| 001 | 0165063 | ||
| 005 | 20221103131503.4 | ||
| 041 | 0 | |a slo | |
| 044 | |a SK | ||
| 245 | 1 | 0 | |a Perspektívy rozvoja znalostnej spoločnosti vo výhľade do roku 2020 |c Lucia Stredná, Mária Zúbková |
| 520 | |a Úloha Slovenska pri príprave stratégie implementácie pomoci poskytovanej fondmi EÚ. Zníženie nezamestnanosti a posilnenie produktivity a konkurencieschopnosti našej ekonomiky. Podpora vzdelávania, výskumu, vývoja a zlepšovanie podnikateľského prostredia. | ||
| 610 | 2 | 0 | |a Európska únia |
| 610 | 2 | 0 | |a Slovensko |
| 610 | 2 | 0 | |a spolupráca medzinárodná |
| 610 | 2 | 0 | |a spoločnosť vedomostná |
| 610 | 2 | 0 | |a stratégia hospodárska |
| 610 | 2 | 0 | |a inovácia |
| 610 | 2 | 0 | |a rozvoj hospodársky |
| 610 | 2 | 0 | |a vzdelávanie |
| 100 | 1 | |a Stredná, Lucia | |
| 700 | 1 | |a Zúbková, Mária | |